000 01219ngm a22004090a 4500
001 PT41416
003 AR-LpoUNG
005 20210201235913.0
007 vd cvaizq
008 191001ss.f.||||ag |||||||||||||||||spa d
037 _c$11.25
040 _aAR-LpoUNG
_bspa
_cAR-LpoUNG
_eaacr
041 _aspa
044 _aag
082 0 _a980.004 379qui
100 1 _aMartinchuk, Ernesto
_edir.
245 1 4 _aLos Quilmes :
_bla última resistencia
260 _aBuenos Aires :
_bBlackman,
_cs.f..
300 _aDVD (42 min.) : son., col.
520 _aLos indios Quilmes fueron los ultimos en perder su libertad como individuos, su independencia como nación y su identidad como grupo étnico. Finalmente fueron vencidos, no militarmente sino por asedio, falta de agua y comida.
650 4 _aARGENTINA
650 4 _aGRUPOS ETNICOS
650 4 _aGUERRA
650 4 _aHISTORIA
650 4 _aIDENTIDAD CULTURAL
650 4 _aINDIOS AMERICANOS
650 4 _aLIBERTAD
650 4 _aPOBLACION INDIGENA
651 4 _aArgentina
653 _aCINE ARGENTINO
653 _aDOCUMENTALES
653 _aDVD
653 _aVIDEOS
700 1 _aRube, Guillermo
_edir.
905 _a41416
942 _cDVD
999 _c53741
_d53741